000 00292 a2200145 4500
001 160535
020 _a
040 _cMagnum
100 _a-
240 1 0 _aO terrivel inimigo/edelbra
_lpor
245 1 0 _aO terrivel inimigo/edelbra
362 0 _a1899
697 _aI/FABULAS
942 _cBK
999 _c160535
_d160535